Heartstopper Episodes in Order - Statistics

General Stats
  • This quiz has been taken 1,131 times
  • The average score is 5 of 8
Answer Stats
Hint Answer % Correct
1. Meet
89%
2. Crush
69%
3. Kiss
57%
8. Boyfriend
55%
7. Bully
51%
4. Secret
49%
6. Girls
43%
5. Friend
42%
No matching quizzes found
Score Distribution
Percent of People with Each Score
Percentile by Number Answered
Your Score History
You have not taken this quiz